000 00356pab a2200145 454500
008 180718b2002 xxu||||| |||| 00| 0 eng d
100 _aKumar, Y. Ashok
245 _aTransparency in the voluntary sector
260 _c2002
300 _ap.34-35
362 _aFeb
650 _aNongovernmental organizations
773 _aSocial Welfare
909 _a51400
999 _c51400
_d51400